000 00465nam a22001817a 4500
005 20260416154530.0
008 260416b |||||||| |||| 00| 0 eng d
020 _a9789988778309
050 _aKRX956
_b.B64
100 _aBowdondzi simpson Philip
245 _aCompany law in Ghana
250 _a3rd edi
260 _aGhana
_bAvant Associates
_cc2020
300 _axxii,418p
500 _aincludes index
700 _aBowdondzi simpson Philip
942 _2lcc
_cBK
999 _c9235
_d9235